[Event "Chennai op 11th"]
[Site "Chennai"]
[Date "2019.01.21"]
[Round "6"]
[White "Vinoth Kumar, M."]
[Black "Tran, Tuan Minh"]
[Result "0-1"]
[WhiteElo "2105"]
[BlackElo "2541"]
[PlyCount "82"]
[EventDate "2019.01.18"]
[EventType "swiss"]
[EventRounds "10"]
[EventCountry "IND"]
[SourceTitle "CBM 188 Extra"]
[Source "ChessBase"]
[SourceDate "2019.02.28"]
[SourceVersion "1"]
[SourceVersionDate "2019.02.28"]
[SourceQuality "1"]

1. g3 Nf6 2. Bg2 e5 3. d3 d5 4. Nd2 c6 5. e4 Bd6 6. Nh3 0-0 7. f3 a5 8. 0-0 a4 9. Kh1 a3 10. b3 Na6 11. Nb1 Nc7 12. c3 Nb5 13. Qc2 Qe7 14. Nf2 Re8 15. Nd1 h6 16. g4 d4 17. cxd4 Nxd4 18. Qf2 Ne6 19. Nbc3 Bc5 20. Qg3 Rd8 21. Nf2 Nf4 22. Bxf4 exf4 23. Qxf4 Bd6 24. Qd2 Qe5 25. f4 Qxf4 26. Qxf4 Bxf4 27. h3 Be6 28. Ne2 Be5 29. Rab1 c5 30. Rfc1 Rac8 31. Bf1 b5 32. Ng1 Nd7 33. Nf3 Bf4 34. Rc2 Ne5 35. Ne1 Nc6 36. Rxc5 Be3 37. Rc2 Nd4 38. Rxc8 Rxc8 39. Kg2 Rc1 40. Rxc1 Bxc1 41. Nd1 b4 0-1

[Event "Johor op 5th"]
[Site "Johor"]
[Date "2018.12.13"]
[Round "6"]
[White "Ma, Ling"]
[Black "Vinoth Kumar, M."]
[Result "1-0"]
[WhiteElo "2025"]
[BlackElo "2143"]
[PlyCount "79"]
[EventDate "2018.12.10"]
[EventType "swiss"]
[EventRounds "9"]
[EventCountry "MAS"]
[SourceTitle "CBM 187 Extra"]
[Source "ChessBase"]
[SourceDate "2018.11.04"]
[SourceVersion "1"]
[SourceVersionDate "2018.11.04"]
[SourceQuality "1"]

1. Nf3 d6 2. d4 g6 3. e4 Bg7 4. Nc3 Nh6 5. h3 f6 6. Be3 Nf7 7. Bc4 e6 8. Qd2 a6 9. a4 c6 10. h4 d5 11. Bd3 Nd7 12. h5 g5 13. e5 fxe5 14. Nxg5 Nxg5 15. Bxg5 Bf6 16. Bxf6 Qxf6 17. dxe5 Nxe5 18. 0-0-0 Bd7 19. f4 Nxd3+ 20. cxd3 0-0-0 21. d4 Kb8 22. a5 Rhf8 23. g3 Rg8 24. Ne2 c5 25. dxc5 Rc8 26. Qe3 d4 27. Qxd4 Qxd4 28. Rxd4 Rxc5+ 29. Kd2 Bc6 30. b4 Rxa5 31. bxa5 Bxh1 32. Rd7 Be4 33. h6 Re8 34. g4 Bf3 35. Rxh7 Bxg4 36. Rg7 Bf5 37. Nd4 Be4 38. Ke3 Bb1 39. h7 Bxh7 40. Rxh7 1-0

[Event "Hyderabad op 1st"]
[Site "Hyderabad"]
[Date "2017.10.31"]
[Round "7"]
[White "Vinoth Kumar, M."]
[Black "Ratnakaran, Kantoli"]
[Result "0-1"]
[WhiteElo "2038"]
[BlackElo "2326"]
[PlyCount "110"]
[EventDate "2017.10.28"]
[EventType "swiss"]
[EventRounds "10"]
[EventCountry "IND"]
[SourceTitle "CBM 181 Extra"]
[Source "ChessBase"]
[SourceDate "2017.12.12"]
[SourceVersion "1"]
[SourceVersionDate "2017.12.12"]
[SourceQuality "1"]

1. e4 e6 2. d3 d5 3. Nd2 Nf6 4. g3 dxe4 5. dxe4 Bc5 6. Qe2 Nc6 7. c3 e5 8. Nh3 0-0 9. f3 a5 10. Nb3 Bd6 11. Be3 a4 12. Nd2 b6 13. Qg2 Qe7 14. g4 Rd8 15. Nc4 Bc5 16. Bxc5 Qxc5 17. Qf2 Qf8 18. a3 Nd7 19. 0-0-0 Nc5 20. Be2 Ba6 21. Rd5 Rxd5 22. exd5 Bxc4 23. Bxc4 Na5 24. Bb5 Qd6 25. Kb1 Qxd5 26. Qe2 Rd8 27. Nf2 Nab3 28. Ne4 Nxe4 29. fxe4 Nd2+ 30. Ka1 Nxe4 31. Re1 Nc5 32. Qxe5 Qxe5 33. Rxe5 Kf8 34. Kb1 f6 35. Re2 Rd1+ 36. Kc2 Rg1 37. Re8+ Kf7 38. Rc8 Rxg4 39. Rxc7+ Kf8 40. Rc6 Rg2+ 41. Kb1 f5 42. Rxb6 f4 43. Rc6 Rg5 44. h4 Re5 45. Rc8+ Kf7 46. Kc2 f3 47. Bc4+ Kg6 48. Rf8 Rf5 49. Rd8 Kh5 50. Rd1 Kxh4 51. Rh1+ Kg5 52. Rg1+ Kf6 53. Kd2 h5 54. Ke3 g5 55. Rd1 g4 0-1

[Event "Chennai op 9th"]
[Site "Chennai"]
[Date "2017.01.19"]
[Round "3"]
[White "Vinoth Kumar, M."]
[Black "Arpan, Das Jr"]
[Result "1/2-1/2"]
[WhiteElo "2118"]
[BlackElo "1752"]
[PlyCount "88"]
[EventDate "2017.01.18"]
[EventType "swiss"]
[EventRounds "10"]
[EventCountry "IND"]
[SourceTitle "CBM 176 Extra"]
[Source "ChessBase"]
[SourceDate "2017.03.02"]
[SourceVersion "1"]
[SourceVersionDate "2017.03.02"]
[SourceQuality "1"]

1. g3 Nf6 2. Bg2 g6 3. d3 Bg7 4. e4 d6 5. Nh3 c5 6. f3 Nc6 7. Nf2 e6 8. 0-0 0-0 9. f4 Ne8 10. c3 Nc7 11. Nd2 b5 12. g4 Rb8 13. e5 d5 14. g5 Ne7 15. Ng4 Nf5 16. Nf3 b4 17. Nf6+ Bxf6 18. exf6 bxc3 19. bxc3 Nb5 20. Bd2 Bb7 21. h4 h5 22. Qe1 d4 23. c4 Nbd6 24. Bc1 Qc7 25. a4 Ba8 26. Ra2 Rb3 27. Ne5 Bxg2 28. Rxg2 Rfb8 29. Rh2 R3b4 30. a5 a6 31. Qd1 Ne3 32. Bxe3 dxe3 33. Qf3 Nf5 34. Nc6 Nd4 35. Ne7+ Qxe7 36. fxe7 Nxf3+ 37. Rxf3 Rb1+ 38. Rf1 R1b3 39. Rd1 Re8 40. Re2 Rxe7 41. Rxe3 Ra3 42. Re5 Rxa5 43. Ree1 Rd7 44. Re5 Rc7 1/2-1/2

[Event "Abu Dhabi op 23rd"]
[Site "Abu Dhabi"]
[Date "2015.08.24"]
[Round "2"]
[White "Kowsarinia, Amir"]
[Black "Vinoth Kumar, M."]
[Result "1-0"]
[WhiteElo "2332"]
[BlackElo "2166"]
[PlyCount "51"]
[EventDate "2015.08.23"]
[EventType "swiss"]
[EventRounds "9"]
[EventCountry "UAE"]
[SourceTitle "EXT 2016"]
[Source "ChessBase"]
[SourceDate "2015.10.08"]
[SourceVersion "1"]
[SourceVersionDate "2015.10.08"]
[SourceQuality "1"]

1. d4 d6 2. c4 Nd7 3. Nc3 e5 4. e4 g6 5. Be3 Nh6 6. Be2 f6 7. h4 c6 8. Qd2 Nf7 9. g3 exd4 10. Bxd4 Nc5 11. 0-0-0 Be6 12. f4 Qe7 13. g4 0-0-0 14. Nh3 b5 15. cxb5 Bxa2 16. Bxc5 dxc5 17. Qc2 Be6 18. bxc6 Nd6 19. Qa4 Bh6 20. g5 fxg5 21. hxg5 Bg7 22. e5 Nf5 23. Nb5 Rd4 24. Qa6+ Kd8 25. c7+ Ke8 26. Nxd4 1-0